Gramatica occitana : segón los parlars lengadocians / Loïs Alibert segón los parlars lengadocians / Loïs Alibert
Descripción Física:
v. ; 22 cm
Otros Autores:
Societat d'Estudis Occitans
Materias:
Occità -- Gramàtica
MARC
| LEADER | 00000nam a2200000Ia 4500 | ||
|---|---|---|---|
| 001 | 13211 | ||
| 008 | 160829s9999 xx 000 0 cat d | ||
| 080 | |a L-1-362 | ||
| 100 | |a Alibert, Loïs |9 30033 | ||
| 245 | |a Gramatica occitana : |b segón los parlars lengadocians / Loïs Alibert | ||
| 260 | |a Tolosa : |b Societat d'Estudis Occitans, - 1937 | ||
| 300 | |a v. ; |c 22 cm | ||
| 490 | |a Col·lecció Pedagògica Ramon Vidal de Besalú ; 2 | ||
| 590 | |a Conté: v. 2: Sintaxi - formación dels mots, vocabulari ortogràfic. Inclou un mapa dels dialectes lengadocians. | ||
| 590 | |a Hi ha un duplicat a: DUP-17 | ||
| 650 | |a Occità |x Gramàtica |9 30034 | ||
| 700 | |a Societat d'Estudis Occitans |9 30035 | ||
| 866 | |a 2 | ||
| 901 | |a Arxiu | ||
| 942 | |n 1 | ||
| 952 | |0 0 |1 0 |4 0 |6 L1362 |7 1 |9 45227 |a Arxiu |b Arxiu |d 2016-12-01 |l 0 |o L-1-362 |p 13211 |r 2016-12-01 00:00:00 |w 2016-12-01 |y ARXIU | ||
| 999 | |c 48301 |d 48301 | ||